| 000 | 01035nam a2200253 a 4500 | ||
|---|---|---|---|
| 001 | BRCA_1146 | ||
| 005 | 20190320203312.0 | ||
| 008 | 960516s1994 mx-a---##b---#000-0#spa-# | ||
| 020 | _a9687525002 | ||
| 040 |
_aDLC _cDLC |
||
| 050 | 4 |
_aN6553 _b.M87 1994 |
|
| 245 | 1 | 0 |
_aMuseo de Historia Mexicana _bselección de secciones : arte prehispánico y siglos XVI al XIX _ctextos, arte prehispánico, Alfonso Rangel Guerra ; siglos XVI al XIX, María Concepción García Sáiz. |
| 260 |
_aMonterrey, N.L.,México _bMuseo de Monterrey _c1994 |
||
| 300 |
_a38 p. _bil. a color _c28 cm. |
||
| 504 | _aBibliografía: p. 36 | ||
| 610 | 2 | 4 |
_aMuseo de Historia Mexicana (Monterey, México) _vCatálogos _93769 |
| 650 | 1 | 4 |
_aArte indígena _vCatálogos _zMéxico _91255 |
| 650 | 1 | 4 |
_aArte mexicano _vCatálogos _93770 |
| 650 | 1 | 4 |
_aArte _vCatálogos _zMéxico _93771 |
| 700 | 1 |
_aGarcía Saiz, María Concepción _etextos _93772 |
|
| 710 | 2 |
_aMuseo de Historia Mexicana (Monterrey, México) _93773 |
|
| 710 | 2 |
_aMuseo de Monterrey _93774 |
|
| 942 |
_2lcc _cB |
||
| 999 |
_c1023 _d1023 |
||